| 000 | 00802cab a2200289 4500 | ||
|---|---|---|---|
| 001 | ABS56564 | ||
| 008 | 090401t1997 xxu||||| |||| 00| 0 eng d | ||
| 035 | _a(Sirsi) u24561 | ||
| 041 | _aeng | ||
| 245 | _aFocus `97: East Midlands industrial and distribution | ||
| 260 | _c1997 | ||
| 350 | _a0 | ||
| 490 |
_aEstates Gazette _v(9707) 15 February 1997, 105-135(12) |
||
| 650 | _aCORBY | ||
| 650 | _aDISTRIBUTION MARKET | ||
| 650 | _aDISTRIBUTION WAREHOUSES | ||
| 650 | _aEAST MIDLANDS | ||
| 650 | _aINDUSTRIAL FLOORSPACE | ||
| 650 | _aINDUSTRIAL MARKET | ||
| 650 | _aINFRASTRUCTURE ISSUES | ||
| 650 | _aLEICESTER | ||
| 650 | _aMAGNA PARK | ||
| 650 | _aRETAIL DISTRIBUTION | ||
| 690 | _aPROPERTY-COMMERCIAL PROPERTY-COMMERCIAL PROPERTY MARKET | ||
| 942 | _n0 | ||
| 948 | _c04/03/1997 | ||
| 999 |
_c16476 _d16476 |
||